Normal view
MARC view
- ZABEEL,SIDRA,ASIM
Entry Personal Name
001 - CONTROL NUMBER
- control field: 71796
003 - CONTROL NUMBER IDENTIFIER
- control field: NUST
005 - DATE AND TIME OF LATEST TRANSACTION
- control field: 20210628204701.0
008 - FIXED-LENGTH DATA ELEMENTS
- fixed length control field: 210628|| aca||aabn | a|a d
040 ## - CATALOGING SOURCE
- Original cataloging agency: NUST
- Transcribing agency: NUST
100 ## - HEADING--PERSONAL NAME
- Personal name: ZABEEL,SIDRA,ASIM
670 ## - SOURCE DATA FOUND
- Source citation: Work cat.: (NUST): ZABEEL,SIDRA,ASIM,, PR-SOF-1217-SWARM INTELLIGENCE BASED MAPPING AND INTRUSION DETECTION SYSTEM IN A DYNAMIC ADVERSARIAL ENVIRONMENT, 2012
